Instant RabbitMQ messaging application development how-to (Record no. 16098)
[ view plain ]
| 000 -LEADER | |
|---|---|
| fixed length control field | 01145nam a2200277 a 4500 |
| 100 1# - MAIN ENTRY--AUTHOR NAME | |
| Personal name | Keig, Andrew. |
| 245 10 - TITLE STATEMENT | |
| Title | Instant RabbitMQ messaging application development how-to |
| 260 ## - PUBLICATION, DISTRIBUTION, ETC. (IMPRINT) | |
| Place of publication | Birmingham : |
| Name of publisher | Packt Pub., |
| Year of publication | 2013. |
| 300 ## - PHYSICAL DESCRIPTION | |
| Number of Pages | 40 p. : |
| Other physical details | ill. (some col.) |
| 500 ## - GENERAL NOTE | |
| General note | "Instant: short, fast, focused"--Cover. |
| 650 #0 - SUBJECT ADDED ENTRY--TOPICAL TERM | |
| Topical Term | Data transmission systems. |
| 856 40 - ELECTRONIC LOCATION AND ACCESS | |
| Uniform Resource Identifier | http://site.ebrary.com/lib/rucke/Doc?id=10714640 |
No items available.
